000 00535cam a22002054a 4500
005 20250605164309.0
008 250528s ||||||||||||||||||||||||d
035 _a22382
020 _a9789603321088
040 _aGR-AtMCL
_bgre
_dGR-AtMCL
_eAACR2
245 1 _aΕΙΣΑΓΩΓΗ ΣΤΟ PHOTOSHOP 4 ΜΕ ΕΙΚΟΝΕΣ
250 _a1
260 _bΚλειδάριθμος,
_c1997
300 _a359
700 1 _aLourekas Peter
_98233
700 1 _aWeinmann Elaine
_98234
942 _cBK
999 _c7435
_d7435